[Event "40th Olympiad Women"]
[Site "Istanbul TUR"]
[Date "2012.08.30"]
[Round "3.20"]
[Board "4"]
[White "Hernandez, Zaida"]
[Black "Barbiso, Tiziana"]
[Result "1/2-1/2"]
[WhiteElo "1990"]
[BlackElo "2048"]
[WhiteTeam "Venezuela"]
[BlackTeam "Italy"]
[WhiteFideId "3901041"]
[BlackFideId "809098"]
[EventDate "2012.08.28"]

1. e4 e6 2. d4 d5 3. Nd2 h6 4. c3 Nf6 5. e5 Nfd7 6. f4 b6 7. Bd3 Ba6 8. Ndf3
Bxd3 9. Qxd3 Qc8 10. f5 Qa6 11. Qc2 b5 12. Ne2 Be7 13. O-O Nf8 14. Nf4 Qc6 15.
a4 b4 16. Nh5 Rh7 17. f6 gxf6 18. exf6 Bd6 19. Ng7+ Kd8 20. Ne5 Bxe5 21. dxe5
Nbd7 22. Bf4 Rh8 23. Bg3 Ng6 24. Rfe1 Rb8 25. Qd2 bxc3 26. bxc3 Qb6+ 27. Bf2 c5
28. a5 Qc7 29. Bg3 a6 30. Qd3 Qc6 31. h4 c4 32. Qd4 Qc5 33. h5 Ngf8 34. Bf2 Qxd4
35. Bxd4 Nh7 36. Rab1 Kc7 37. Kf2 Ng5 38. Ke3 Ne4 39. g4 Kc6 40. Rg1 Kc7 41. Kf4
Ng5 42. Ke3 Kc6 43. Rgf1 Kc7 44. Rg1 Kc6 45. Rgf1 1/2-1/2

[Event "40th Olympiad Women"]
[Site "Istanbul TUR"]
[Date "2012.08.30"]
[Round "3.21"]
[Board "1"]
[White "Arbunic Castro, Giovanna"]
[Black "Daulyte, Deimante"]
[Result "0-1"]
[WhiteTitle "WIM"]
[BlackTitle "WGM"]
[WhiteElo "2098"]
[BlackElo "2216"]
[WhiteTeam "Chile"]
[BlackTeam "Lithuania"]
[WhiteFideId "3400549"]
[BlackFideId "12802859"]
[EventDate "2012.08.28"]

1. e4 c5 2. Nf3 d6 3. d4 cxd4 4. Qxd4 a6 5. c4 Nc6 6. Qd2 Nf6 7. Nc3 Bg4 8. Be2
g6 9. b3 Bg7 10. Bb2 O-O 11. h3 Bxf3 12. Bxf3 Nd7 13. Nd5 Bxb2 14. Qxb2 Nc5 15.
Ke2 Ne5 16. Rad1 b5 17. cxb5 axb5 18. g4 e6 19. Ne3 Qf6 20. Bg2 Nxg4 21. Qxf6
Rxa2+ 22. Rd2 Rxd2+ 23. Kxd2 Nxf6 24. f3 Nxb3+ 25. Kc3 Nc5 26. Kb4 Nd3+ 27. Kxb5
Nf4 28. Kc6 d5 29. e5 d4 30. Nc4 Rc8+ 31. Kb5 N6d5 32. Bf1 d3 33. h4 h5 34. Rh2
Nc3+ 35. Kb4 Nfd5+ 36. Kb3 Rb8+ 37. Ka3 Nb1+ 38. Ka2 Ndc3+ 39. Ka1 Ra8+ 40. Kb2
Ra2+ 0-1

[Event "40th Olympiad Women"]
[Site "Istanbul TUR"]
[Date "2012.08.30"]
[Round "3.21"]
[Board "2"]
[White "Kaspute, Vesta"]
[Black "Abarca Gonzalez, Damaris"]
[Result "1/2-1/2"]
[WhiteTitle "WFM"]
[WhiteElo "2118"]
[BlackElo "2024"]
[WhiteTeam "Lithuania"]
[BlackTeam "Chile"]
[WhiteFideId "12802310"]
[BlackFideId "3409414"]
[EventDate "2012.08.28"]

1. e4 c5 2. Nf3 e6 3. d4 cxd4 4. Nxd4 a6 5. Bd3 Bc5 6. Nb3 Be7 7. c4 Qc7 8. Be3
d6 9. Nc3 Nf6 10. Rc1 b6 11. O-O O-O 12. f3 Bb7 13. Qe2 Nbd7 14. Qf2 Rac8 15.
Rfd1 Bd8 16. Bf1 Qb8 17. Nd4 Bc7 18. g3 Rfe8 19. Bh3 Rcd8 20. Nc2 Ba8 21. Bf1 h6
22. Rd2 Ne5 23. Rcd1 Qb7 24. h3 Ned7 25. Bg2 b5 26. cxb5 axb5 27. Nd4 b4 28.
Ncb5 Bb8 29. a4 bxa3 30. Nxa3 d5 31. exd5 Nxd5 32. f4 N7b6 33. Ndb5 Nc4 34. Nxc4
Qxb5 35. Ne5 Bc7 36. Bc5 Ba5 37. Rd3 Rc8 38. Bd4 Nb4 39. Rc3 Bxg2 40. Kxg2 Nd5
41. Rcc1 1/2-1/2

[Event "40th Olympiad Women"]
[Site "Istanbul TUR"]
[Date "2012.08.30"]
[Round "3.21"]
[Board "3"]
[White "Toro Pradenas, Maria Jose"]
[Black "Ziogaite, Jovita"]
[Result "0-1"]
[WhiteTitle "WFM"]
[WhiteElo "2040"]
[BlackElo "2052"]
[WhiteTeam "Chile"]
[BlackTeam "Lithuania"]
[WhiteFideId "3412610"]
[BlackFideId "12802573"]
[EventDate "2012.08.28"]

1. e4 c5 2. c3 d5 3. exd5 Qxd5 4. d4 cxd4 5. cxd4 Nc6 6. Nf3 e5 7. Nc3 Bb4 8.
Be3 exd4 9. Nxd4 Nge7 10. Nb5 Qe5 11. Qd2 O-O 12. f4 Qf6 13. O-O-O Bg4 14. Be2
Rfd8 15. Qe1 Bxe2 16. Qxe2 a6 17. Ne4 Qe6 18. Nbc3 Rac8 19. Kb1 Nf5 20. Bb6 Ncd4
21. Bxd4 Nxd4 22. Qe3 Bxc3 23. bxc3 Qb6+ 0-1

[Event "40th Olympiad Women"]
[Site "Istanbul TUR"]
[Date "2012.08.30"]
[Round "3.21"]
[Board "4"]
[White "Paulauskaite, Gintare"]
[Black "Reyes Jara, Paula"]
[Result "1-0"]
[WhiteElo "2053"]
[BlackElo "2115"]
[WhiteTeam "Lithuania"]
[BlackTeam "Chile"]
[WhiteFideId "12802964"]
[BlackFideId "3403920"]
[EventDate "2012.08.28"]

1. e4 e5 2. Nf3 Nc6 3. Bb5 a6 4. Ba4 Nf6 5. d4 b5 6. Bb3 Nxe4 7. Bd5 Nf6 8. dxe5
Nxd5 9. Qxd5 Bb7 10. O-O Qe7 11. Nc3 Qc5 12. Qe4 O-O-O 13. a4 Re8 14. Be3 Qc4
15. axb5 axb5 16. Qxc4 bxc4 17. Bf4 h6 18. Ra4 g5 19. Bg3 g4 20. Nd2 Nxe5 21.
Nxc4 Ng6 22. Na5 Ba6 23. Rfa1 Bg7 24. Nb3 Bb7 25. Nc5 d6 26. Ra8+ 1-0

[Event "40th Olympiad Women"]
[Site "Istanbul TUR"]
[Date "2012.08.30"]
[Round "3.22"]
[Board "1"]
[White "Perena, Catherine"]
[Black "Hallaeva, Bahar"]
[Result "1-0"]
[WhiteTitle "WIM"]
[BlackTitle "WFM"]
[WhiteElo "2091"]
[BlackElo "2174"]
[WhiteTeam "Philippines"]
[BlackTeam "Turkmenistan"]
[WhiteFideId "5202744"]
[BlackFideId "14000679"]
[EventDate "2012.08.28"]

1. d4 Nf6 2. c4 e6 3. Nc3 Bb4 4. e3 O-O 5. Bd3 c5 6. Nf3 d5 7. a3 Bxc3+ 8. bxc3
Qc7 9. Qc2 b6 10. O-O cxd4 11. cxd4 Ba6 12. Bb2 dxc4 13. Rfc1 Rc8 14. Ne5 b5 15.
a4 Qd8 16. Be2 b4 17. Nxc4 Nbd7 18. a5 Rab8 19. Qb3 Ne4 20. Bd3 Ndf6 21. f3 Nd6
22. Ne5 Bxd3 23. Qxd3 Rxc1+ 24. Bxc1 Qc7 25. Qb3 Qc3 26. Qxc3 bxc3 27. Kf2 Nd5
28. Ba3 Nb5 29. Bc5 f6 30. Nd3 Rd8 31. a6 Rd7 32. Ke2 Kf7 33. Rb1 Ndc7 34. Nb4
Na3 35. Rb3 Ncb5 36. Nd3 e5 37. Bxa3 Ke8 1-0

[Event "40th Olympiad Women"]
[Site "Istanbul TUR"]
[Date "2012.08.30"]
[Round "3.22"]
[Board "2"]
[White "Isaeva, Aknyr"]
[Black "Frayna, Janelle Mae"]
[Result "0-1"]
[WhiteElo "2011"]
[BlackElo "1991"]
[WhiteTeam "Turkmenistan"]
[BlackTeam "Philippines"]
[WhiteFideId "14000989"]
[BlackFideId "5212499"]
[EventDate "2012.08.28"]

1. d4 Nf6 2. c4 g6 3. Nc3 Bg7 4. e4 O-O 5. f3 d6 6. Be3 c5 7. dxc5 dxc5 8. Qxd8
Rxd8 9. Bxc5 Nc6 10. Nge2 Nd7 11. Bf2 Nde5 12. Nf4 Be6 13. Nxe6 fxe6 14. a3 Rac8
15. Rd1 Na5 16. Bxa7 Nexc4 17. Bxc4 Nxc4 18. Rxd8+ Rxd8 19. O-O Nxb2 20. Nb5 Rd3
21. Bc5 Rb3 22. Nd4 Rc3 23. Bb6 Nc4 24. Nxe6 Nxb6 25. Nxg7 Kxg7 26. Rb1 Rc6 27.
Kf2 Kf6 28. Kg3 Ke5 29. h4 Kd6 30. Kf4 Kc7 31. Rb3 Na4 32. g4 Nc5 33. Re3 Rf6+
34. Kg3 e5 35. Rc3 Rc6 36. Re3 Ne6 37. Rd3 Nf4 38. Rb3 Rc2 39. h5 g5 0-1

[Event "40th Olympiad Women"]
[Site "Istanbul TUR"]
[Date "2012.08.30"]
[Round "3.22"]
[Board "3"]
[White "Docena, Jedara"]
[Black "Atabayeva, Gozel"]
[Result "0-1"]
[BlackTitle "WFM"]
[WhiteElo "2061"]
[BlackElo "2076"]
[WhiteTeam "Philippines"]
[BlackTeam "Turkmenistan"]
[WhiteFideId "5202361"]
[BlackFideId "14001896"]
[EventDate "2012.08.28"]

1. e4 c5 2. Nc3 Nc6 3. f4 g6 4. Nf3 Bg7 5. g3 e6 6. Bg2 Nge7 7. O-O O-O 8. d3 d6
9. Kh1 Rb8 10. Be3 Nd4 11. Qd2 b6 12. Ng1 Bb7 13. Nd1 f5 14. c3 Ndc6 15. Ne2 Kh8
16. Nf2 d5 17. Qc2 d4 18. Bd2 Qd7 19. c4 fxe4 20. Nxe4 Nf5 21. Rae1 Ne3 22. Bxe3
dxe3 23. Nc1 Bd4 24. Qe2 e5 25. fxe5 Nxe5 26. Rxf8+ Rxf8 27. Rf1 Rxf1+ 28. Qxf1
Qf7 29. Qxf7 Nxf7 30. Nc3 Bc8 31. N1e2 Bf5 32. Be4 Bg4 33. h3 Bxh3 34. Kg1 Nd6
35. Bf3 Bf5 36. Ne4 Bxe4 37. Bxe4 Nxe4 38. dxe4 Bxb2 39. Kg2 a6 40. Kf3 Bd4 41.
a4 Kg7 42. Nf4 h5 43. Ke2 Kf6 44. Kf3 a5 45. Ke2 Kg5 46. Kf3 Kf6 47. Ke2 Ke5 48.
Kd3 g5 49. Ng2 e2 50. Ne1 g4 51. Kxe2 Kxe4 52. Nd3 Be3 53. Ne1 Bg5 54. Nd3 Kd4
55. Nb2 Kc3 56. Nd3 Kxc4 0-1

[Event "40th Olympiad Women"]
[Site "Istanbul TUR"]
[Date "2012.08.30"]
[Round "3.23"]
[Board "1"]
[White "Khoudgarian, Natalia"]
[Black "Franciskovic, Borka"]
[Result "0-1"]
[WhiteTitle "WIM"]
[BlackTitle "WIM"]
[WhiteElo "2158"]
[BlackElo "2258"]
[WhiteTeam "Canada"]
[BlackTeam "Croatia"]
[WhiteFideId "2602121"]
[BlackFideId "14507943"]
[EventDate "2012.08.28"]

1. e4 c6 2. d4 d5 3. Nd2 dxe4 4. Nxe4 Bf5 5. Ng3 Bg6 6. h4 h6 7. h5 Bh7 8. f4 e6
9. Nf3 Nd7 10. Bd3 Bxd3 11. Qxd3 Ngf6 12. Bd2 Qc7 13. O-O-O c5 14. Ne5 cxd4 15.
Qxd4 Bc5 16. Qa4 O-O 17. Nxd7 Nxd7 18. Ba5 Be3+ 19. Kb1 Nb6 20. Ne2 Qc4 21. Qxc4
Nxc4 22. Bc7 Rac8 23. Rd7 Nd2+ 24. Ka1 Ne4 25. Be5 Rxc2 26. Nd4 Rd2 27. Bxg7 Rc8
28. Be5 f6 29. Nxe6 Rxd7 0-1

[Event "40th Olympiad Women"]
[Site "Istanbul TUR"]
[Date "2012.08.30"]
[Round "3.23"]
[Board "2"]
[White "Golubenko, Valentina"]
[Black "Peng, Jackie"]
[Result "1/2-1/2"]
[WhiteTitle "WGM"]
[BlackTitle "WCM"]
[WhiteElo "2297"]
[BlackElo "2009"]
[WhiteTeam "Croatia"]
[BlackTeam "Canada"]
[WhiteFideId "4501993"]
[BlackFideId "2609819"]
[EventDate "2012.08.28"]

1. d4 Nf6 2. c4 g6 3. Nc3 Bg7 4. e4 d6 5. Nf3 O-O 6. Be2 e5 7. O-O Nc6 8. d5 Ne7
9. b4 a5 10. Ba3 Nd7 11. bxa5 Rxa5 12. Bb4 Ra8 13. a4 Bh6 14. a5 f5 15. Nd2 Nf6
16. c5 Bxd2 17. Qxd2 Nxe4 18. Nxe4 fxe4 19. cxd6 cxd6 20. Qe3 Nf5 21. Qxe4 Nd4
22. Bd1 Bf5 23. Qe3 Rc8 24. Qa3 Be4 25. Bg4 Qg5 26. Qh3 Rc2 27. Bxd6 Rf4 28.
Be6+ Kh8 29. a6 bxa6 30. Rxa6 Nxe6 31. Ra8+ Nd8 32. Rxd8+ Qxd8 33. Qe6 Rf7 34.
Qxe5+ Kg8 35. Qxe4 Qc8 36. Bg3 Rc1 37. Qd3 Rxf1+ 38. Qxf1 Qc5 39. d6 h5 40. h4
Kh7 41. Qd3 Rd7 42. Qe4 Ra7 43. Qe8 Qd4 44. Qd8 Qd5 45. Qf6 Rf7 46. Qb2 Rb7 47.
Qc3 Qf5 48. Qc6 Rf7 49. Qe8 Qd7 50. Qe5 Qf5 51. Qc3 Qg4 52. Kh2 Qf5 53. f3 Qe6
54. Be5 Rd7 55. Kg1 Rxd6 56. Bxd6 Qxd6 57. Qc4 Kg7 58. Qe4 Qd1+ 59. Kf2 Qd2+ 60.
Kg3 Qd6+ 61. Kh3 Qd7+ 62. g4 hxg4+ 63. fxg4 Qd1 64. g5 Qf1+ 65. Kg4 Qg1+ 66. Kf4
Qh2+ 67. Ke3 Qg3+ 68. Kd4 Qd6+ 69. Kc3 Qc5+ 70. Kd3 Qa3+ 71. Ke2 Qb2+ 72. Kf3
Qc3+ 73. Kf4 Qc1+ 74. Ke5 Qc7+ 75. Ke6 Qb6+ 76. Kd7 Qa7+ 77. Kc8 Qc5+ 78. Kb7
Qb5+ 79. Kc7 Qa5+ 80. Kd6 Qb6+ 81. Qc6 Qd4+ 82. Ke7 Qb4+ 83. Qd6 Qe4+ 84. Kd7
Qa4+ 85. Kd8 Qa8+ 86. Ke7 Qe4+ 87. Qe6 Qb4+ 88. Kd8 Qa5+ 89. Kc8 Qa8+ 90. Kc7
Qa7+ 91. Kd6 Qb6+ 92. Ke7 Qb4+ 93. Qd6 Qe4+ 94. Kd7 Qa4+ 95. Qc6 Qd4+ 96. Kc8
Qxh4 97. Qf6+ Kh7 98. Qf7+ Kh8 99. Qxg6 Qg4+ 100. Kc7 Qd7+ 101. Kb6 Qd4+ 102.
Kb5 Qc5+ 103. Ka6 Qb5+ 104. Kxb5 1/2-1/2

[Event "40th Olympiad Women"]
[Site "Istanbul TUR"]
[Date "2012.08.30"]
[Round "3.23"]
[Board "3"]
[White "Orlova, Yelizaveta"]
[Black "Jelica, Mara"]
[Result "0-1"]
[WhiteTitle "WCM"]
[BlackTitle "WIM"]
[WhiteElo "1947"]
[BlackElo "2258"]
[WhiteTeam "Canada"]
[BlackTeam "Croatia"]
[WhiteFideId "2601826"]
[BlackFideId "14504111"]
[EventDate "2012.08.28"]

1. b3 e5 2. Bb2 Nc6 3. e3 Nf6 4. c4 d5 5. d3 Bb4+ 6. Nd2 Bg4 7. Qc2 O-O 8. a3
Bxd2+ 9. Qxd2 dxc4 10. bxc4 Qd6 11. Ne2 Rad8 12. Ng3 h5 13. h3 Be6 14. Rd1 h4
15. Ne2 Qe7 16. Qc2 Nh5 17. d4 exd4 18. exd4 Bc8 19. d5 Nb8 20. Rd4 Rfe8 21. Qd2
Bf5 22. Kd1 c5 23. d6 Qe6 24. Rd5 Nc6 25. Kc1 Bg6 26. Nf4 Nxf4 27. Qxf4 Nd4 28.
Qe3 Qd7 29. Qc3 Re6 30. Bd3 Rxd6 31. Rxc5 Ne6 32. Be2 f6 33. Rd5 Rxd5 34. cxd5
Qxd5 35. Rd1 Qg5+ 36. Rd2 Kh7 37. Bf3 b6 38. Kd1 Rxd2+ 39. Qxd2 Qb5 40. Be2 Qa4+
41. Ke1 Nf4 42. Bf3 Nd3+ 43. Kf1 Qb3 44. Bc3 Qxa3 45. Be2 Qc1+ 46. Qxc1 Nxc1 47.
Ba6 Bd3+ 48. Bxd3+ Nxd3 49. Ke2 Nf4+ 50. Kf3 Nd5 51. Bb2 f5 52. Be5 g5 53. g3
hxg3 54. fxg3 Kg6 55. Bd4 a5 56. Ke2 b5 57. Kd3 f4 58. Ke4 Nf6+ 59. Kf3 fxg3 60.
Kxg3 Kf5 61. Kf3 Nd5 62. Kg3 b4 0-1

[Event "40th Olympiad Women"]
[Site "Istanbul TUR"]
[Date "2012.08.30"]
[Round "3.23"]
[Board "4"]
[White "Berke, Ana"]
[Black "Lacau-Rodean, Iulia"]
[Result "1-0"]
[WhiteTitle "WFM"]
[WhiteElo "2160"]
[BlackElo "1999"]
[WhiteTeam "Croatia"]
[BlackTeam "Canada"]
[WhiteFideId "14510359"]
[BlackFideId "1211285"]
[EventDate "2012.08.28"]

1. e4 c5 2. Nf3 d6 3. d4 cxd4 4. Qxd4 Nc6 5. Bb5 Bd7 6. Bxc6 Bxc6 7. Nc3 h6 8.
Be3 Nf6 9. O-O-O b5 10. e5 Bxf3 11. gxf3 dxe5 12. Qxe5 Nd7 13. Qxb5 a6 14. Qa4
e6 15. Rd2 Qc7 16. Rhd1 Rd8 17. Bb6 1-0

[Event "40th Olympiad Women"]
[Site "Istanbul TUR"]
[Date "2012.08.30"]
[Round "3.24"]
[Board "1"]
[White "Seps, Monika"]
[Black "Sultana, Sharmin Shirin"]
[Result "1-0"]
[WhiteTitle "WIM"]
[WhiteElo "2227"]
[BlackElo "2002"]
[WhiteTeam "Switzerland"]
[BlackTeam "Bangladesh"]
[WhiteFideId "1308521"]
[BlackFideId "10204482"]
[EventDate "2012.08.28"]

1. d4 d5 2. Nf3 Nf6 3. c4 c6 4. Nc3 dxc4 5. g3 Bf5 6. Ne5 e6 7. Bg2 Bb4 8. O-O
O-O 9. Nxc4 Nbd7 10. Qb3 Qe7 11. a3 Bxc3 12. bxc3 e5 13. Ne3 Be4 14. f3 Bg6 15.
Qxb7 exd4 16. cxd4 Rfe8 17. Rf2 Qd6 18. Qb4 c5 19. dxc5 Nxc5 20. Nf1 a5 21. Qf4
Qa6 22. Ra2 Rad8 23. Rd2 Nd5 24. Qh4 Nb3 25. e4 Nxd2 26. Bxd2 Nf6 27. Ne3 Qb6
28. Nc4 Qb1+ 29. Bf1 Rb8 30. Bxa5 Rec8 31. Kg2 Rc5 32. Bb4 Rcc8 33. Qf4 Qd1 34.
Rd2 Qa4 35. Be2 Qb3 36. Rd4 Rd8 37. Nd6 Qc2 38. Rd2 Qc6 39. Bc4 Nh5 40. Bxf7+
Kh8 41. Qg5 Rd7 42. Bxg6 hxg6 43. Qxg6 Nf6 44. e5 Rxb4 45. axb4 Qc3 46. Rc2 Qxe5
47. Rc8+ 1-0

[Event "40th Olympiad Women"]
[Site "Istanbul TUR"]
[Date "2012.08.30"]
[Round "3.24"]
[Board "2"]
[White "Hamid, Rani"]
[Black "Heinatz, Gundula"]
[Result "1/2-1/2"]
[WhiteTitle "WIM"]
[BlackTitle "WIM"]
[WhiteElo "1952"]
[BlackElo "2197"]
[WhiteTeam "Bangladesh"]
[BlackTeam "Switzerland"]
[WhiteFideId "10200096"]
[BlackFideId "4612434"]
[EventDate "2012.08.28"]

1. e4 g6 2. d4 Bg7 3. f4 d5 4. e5 Nh6 5. Nf3 O-O 6. Nc3 b6 7. Be2 Bg4 8. O-O e6
9. Be3 Nd7 10. Bf2 c5 11. Bh4 Qc8 12. Nb5 Nf5 13. Bf2 a6 14. Na3 b5 15. c3 Qc7
16. Nc2 Rfc8 17. h3 Bxf3 18. Bxf3 cxd4 19. Nxd4 Nxd4 20. Bxd4 Rab8 21. Qe2 a5
22. g4 b4 23. Bg2 Qc4 24. Qf2 bxc3 25. bxc3 Rb7 26. Rae1 Nc5 27. Re3 Rcb8 28.
Qe2 Qxe2 29. Rxe2 Bf8 30. f5 Rb1 31. Rxb1 Rxb1+ 32. Kh2 Nd3 33. fxe6 fxe6 34. h4
Bg7 35. Kg3 a4 36. g5 Re1 37. Rxe1 Nxe1 38. Bf1 Nc2 39. Bb5 a3 40. h5 Nxd4 41.
cxd4 Bf8 42. hxg6 hxg6 43. Kf4 Bb4 44. Ke3 Bc3 45. Be8 Kg7 46. Kd3 Bb2 47. Ke3
Bc1+ 48. Kd3 Bxg5 49. Kc3 Bc1 50. Kd3 Bb2 51. Ke3 g5 52. Bh5 Kf8 53. Bg4 Kf7 54.
Kd3 1/2-1/2

[Event "40th Olympiad Women"]
[Site "Istanbul TUR"]
[Date "2012.08.30"]
[Round "3.24"]
[Board "3"]
[White "De Seroux, Camille"]
[Black "Sultana, Zakia"]
[Result "1-0"]
[WhiteTitle "WFM"]
[BlackTitle "WFM"]
[WhiteElo "2101"]
[BlackElo "1987"]
[WhiteTeam "Switzerland"]
[BlackTeam "Bangladesh"]
[WhiteFideId "1305620"]
[BlackFideId "10201220"]
[EventDate "2012.08.28"]

1. e4 e6 2. d4 d5 3. Nd2 dxe4 4. Nxe4 Nd7 5. Nf3 Ngf6 6. Bd3 Be7 7. O-O O-O 8.
c3 b6 9. Re1 Bb7 10. Ng3 c5 11. Bf4 cxd4 12. Nxd4 Nc5 13. Bc2 Qd5 14. f3 Qd8 15.
Qe2 Bd6 16. Bg5 h6 17. Bd2 Ba6 18. Qf2 Nd3 19. Bxd3 Bxd3 20. Rad1 Bc4 21. b3 Bd5
22. Be3 Qb8 23. Nb5 Bxg3 24. hxg3 a6 25. Bf4 Qb7 26. Nd6 Qa7 27. c4 Bc6 28. g4
b5 29. Be3 Qb8 30. g5 hxg5 31. Bxg5 Qa7 32. Be3 Qb8 33. Qg3 Rd8 34. Qh2 Ne8 35.
c5 Nxd6 36. Bf4 Qa7 37. Bxd6 Bd5 38. Rd4 f6 39. Rh4 Kf7 40. Rh7 Rxd6 41. Qxd6 a5
42. Rd1 Rc8 43. Rxd5 1-0

[Event "40th Olympiad Women"]
[Site "Istanbul TUR"]
[Date "2012.08.30"]
[Round "3.24"]
[Board "4"]
[White "Khan, Nazrana"]
[Black "Stoeri, Laura"]
[Result "1-0"]
[WhiteElo "2008"]
[BlackElo "2057"]
[WhiteTeam "Bangladesh"]
[BlackTeam "Switzerland"]
[WhiteFideId "10201734"]
[BlackFideId "1304313"]
[EventDate "2012.08.28"]

1. d4 Nf6 2. c4 g6 3. Nf3 Bg7 4. Nc3 O-O 5. e4 d6 6. Be2 e5 7. d5 a5 8. O-O Na6
9. Be3 Ng4 10. Bg5 f6 11. Bd2 Nc5 12. a3 a4 13. h3 Nh6 14. Rb1 f5 15. Ng5 f4 16.
Nf3 g5 17. Nh2 Kh8 18. f3 Ng8 19. Be1 Bd7 20. Bf2 Nb3 21. Bd3 h5 22. Bc2 Nh6 23.
Nxa4 Nd4 24. Nc3 Nxc2 25. Qxc2 g4 26. fxg4 hxg4 27. hxg4 Qg5 28. Qd3 Nxg4 29.
Qh3+ Bh6 30. Nf3 Qg7 31. Qh1 Rg8 32. Bh4 Ne3 33. Bg5 Kh7 34. Rf2 Nxc4 35. Kf1
Bg4 36. Bxh6 Qxh6 37. Ke2 Rg6 38. Kd3 Rh8 39. Kxc4 Bh5 40. Qh3 Rg3 41. Qf5+ Kg7
42. Rh1 Rh7 43. Qc8 c5 44. a4 Qg6 45. Qxb7+ Kh6 46. Qb8 Rg7 47. Qh8+ Rh7 48.
Qf8+ Rg7 49. Nh4 Rxc3+ 50. Kxc3 Qg3+ 51. Rf3 1-0

[Event "40th Olympiad Women"]
[Site "Istanbul TUR"]
[Date "2012.08.30"]
[Round "3.25"]
[Board "1"]
[White "Vojinovic, Jovana"]
[Black "Perez, Eneida"]
[Result "1-0"]
[WhiteTitle "WGM"]
[BlackTitle "WFM"]
[WhiteElo "2337"]
[BlackElo "2070"]
[WhiteTeam "Montenegro"]
[BlackTeam "Dominican Republic"]
[WhiteFideId "937266"]
[BlackFideId "602795"]
[EventDate "2012.08.28"]

1. Nf3 f5 2. g3 Nf6 3. c4 e6 4. Bg2 Be7 5. O-O O-O 6. b3 d6 7. d4 d5 8. Ba3 c6
9. Qc1 Ne4 10. Bxe7 Qxe7 11. Qa3 Qf6 12. Ne5 Nd7 13. Qb2 Qh6 14. e3 g5 15. f3
Nef6 16. Nd2 g4 17. f4 Qg7 18. b4 Nxe5 19. dxe5 Nd7 20. Rfc1 h5 21. cxd5 cxd5
22. Rc7 Rf7 23. Rac1 Nb6 24. Rxf7 Qxf7 25. Bf1 Qe7 26. Qb3 Qd8 27. b5 Bd7 28.
Qa3 Rc8 29. Rxc8 Nxc8 30. Nb3 Qb6 31. Qc1 Ne7 32. a4 Kf7 33. Bd3 Qd8 34. Kf2 b6
35. Nd4 Qc8 36. Qb2 Qc5 37. Ke2 Ng6 38. Kd2 Ne7 39. Ke2 Nc8 40. Nc2 Ne7 41. Nb4
Bc8 42. Kd2 Bb7 43. Nc2 Bc8 44. Qa1 Bd7 45. h3 Ng6 46. hxg4 hxg4 47. Qh1 Kg7 48.
Qb1 Ne7 49. Qa1 Ng6 50. Bxf5 d4 51. Bxg4 dxe3+ 52. Nxe3 Qb4+ 53. Ke2 Kf7 54. Qa2
Ke7 55. Qc4 Qb2+ 56. Qc2 Qxc2+ 57. Nxc2 Nf8 58. Nd4 Kd8 59. Bh5 Kc7 60. g4 Kb7
61. g5 a6 62. g6 Nxg6 63. Bxg6 axb5 64. axb5 1-0

[Event "40th Olympiad Women"]
[Site "Istanbul TUR"]
[Date "2012.08.30"]
[Round "3.25"]
[Board "2"]
[White "Jose Polanco, Kenia"]
[Black "Milovic, Aleksandra"]
[Result "1/2-1/2"]
[WhiteTitle "WCM"]
[BlackTitle "WFM"]
[WhiteElo "1954"]
[BlackElo "2181"]
[WhiteTeam "Dominican Republic"]
[BlackTeam "Montenegro"]
[WhiteFideId "6401074"]
[BlackFideId "933988"]
[EventDate "2012.08.28"]

1. Nf3 Nf6 2. g3 c5 3. d4 cxd4 4. Nxd4 e5 5. Nb3 Be7 6. Bg2 Nc6 7. c4 d6 8. Nc3
Be6 9. Nd5 Bxd5 10. cxd5 Nb4 11. a3 Na6 12. e4 O-O 13. O-O Nd7 14. Nd2 Rc8 15.
Bh3 Rc7 16. f4 exf4 17. gxf4 Bf6 18. Kh1 Re8 19. Qf3 Nb6 20. Rb1 Nc4 21. b4 Nxa3
22. Qxa3 Bc3 23. b5 Bxd2 24. Bxd2 Nc5 25. Bf5 g6 26. Rg1 Nxe4 27. Bxe4 Rxe4 28.
Qf3 Rd4 29. Bc3 Rdc4 30. Ba1 Qh4 31. Rbe1 Kf8 32. Qe2 Re7 33. Qxc4 Rxe1 34. Qc8+
Ke7 35. Bf6+ Kxf6 36. Qd8+ Re7 37. Qh8+ Kf5 38. Qc8+ Ke4 39. Qc4+ Kf3 40. Rg3+
Qxg3 41. hxg3 Kxg3 42. Qc3+ Kf2 43. Qf6 Rd7 44. Kh2 Ke3 45. Qh8 Kxf4 46. Qe8 Rc7
47. Qb8 Rc2+ 48. Kg1 Ke5 49. Qxb7 Rc5 50. Qxf7 h5 51. Qe6+ Kd4 52. Qxd6 Rxb5 53.
Qxg6 Rxd5 54. Qg7+ Ke4 55. Qxa7 Rg5+ 56. Kf2 Kf5 57. Kf3 Rg4 58. Qh7+ Kg5 59.
Qf7 Kh6 60. Qf8+ Kg5 61. Qe7+ Kg6 62. Qe6+ Kg5 63. Qe5+ Kg6 64. Qe8+ Kg5 65.
Qe5+ Kg6 66. Qh2 Kg5 67. Qd2+ Kg6 1/2-1/2

[Event "40th Olympiad Women"]
[Site "Istanbul TUR"]
[Date "2012.08.30"]
[Round "3.25"]
[Board "4"]
[White "Aybar Portes, Omaira"]
[Black "Stojanovic, Marija R"]
[Result "0-1"]
[BlackTitle "WFM"]
[WhiteElo "1844"]
[BlackElo "2097"]
[WhiteTeam "Dominican Republic"]
[BlackTeam "Montenegro"]
[WhiteFideId "6402143"]
[BlackFideId "931411"]
[EventDate "2012.08.28"]

1. d4 Nf6 2. Nf3 g6 3. e3 Bg7 4. Bd3 d6 5. O-O O-O 6. Nbd2 Nbd7 7. e4 e5 8. c3
Re8 9. Re1 Nh5 10. Qb3 Qe7 11. g3 Nf8 12. Nf1 h6 13. Be3 c6 14. N1d2 Be6 15. Qc2
Nd7 16. Nh4 g5 17. Ng2 Bh3 18. Be2 Ndf6 19. Qd1 Bxg2 20. Kxg2 Nf4+ 21. gxf4 gxf4
22. Bxf4 exf4 23. f3 Nh5 24. Rh1 Qg5+ 25. Kh3 Qf6 26. Qg1 c5 27. dxc5 dxc5 28.
Qg4 Re5 29. Rhg1 Rg5 30. Qh4 Qe6+ 31. Rg4 Nf6 32. Bc4 Qd7 33. Nb3 Rh5 0-1

[Event "40th Olympiad Women"]
[Site "Istanbul TUR"]
[Date "2012.08.30"]
[Round "3.27"]
[Board "1"]
[White "Coimbra, Margarida"]
[Black "Mona, Khaled"]
[Result "1-0"]
[WhiteTitle "WFM"]
[BlackTitle "WGM"]
[WhiteElo "2116"]
[BlackElo "2121"]
[WhiteTeam "Portugal"]
[BlackTeam "Egypt"]
[WhiteFideId "1901192"]
[BlackFideId "10605908"]
[EventDate "2012.08.28"]

1. e4 c6 2. c4 d5 3. exd5 cxd5 4. cxd5 Qxd5 5. Nc3 Qd8 6. Nf3 Nf6 7. d4 e6 8.
Bd3 Be7 9. O-O Nc6 10. a3 O-O 11. Be3 b6 12. Qe2 Bb7 13. Rfe1 Rc8 14. Rad1 Qd6
15. Bb1 Rfd8 16. Ba2 Qb8 17. Bg5 g6 18. Bxe6 fxe6 19. Qxe6+ Kg7 20. Ne5 Qd6 21.
Nxc6 Qxc6 22. Qxc6 1-0